The use of poetry and the use of criticism (Record no. 4461)

MARC details
000 -LEADER
fixed length control field 00463cam a2200181ua 4500
001 - CONTROL NUMBER
control field 5283
005 - DATE AND TIME OF LATEST TRANSACTION
control field 20260515113846.0
008 - FIXED-LENGTH DATA ELEMENTS--GENERAL INFORMATION
fixed length control field 120808n enk |||gr||||Z||||||eng
040 ## - CATALOGING SOURCE
Transcribing agency MAIN
082 ## - DEWEY DECIMAL CLASSIFICATION NUMBER
Classification number 821
100 ## - MAIN ENTRY--PERSONAL NAME
Personal name Eliot, T. S.,
Relator term Author,
245 11 - TITLE STATEMENT
Title The use of poetry and the use of criticism
Statement of responsibility, etc. by T. S. Eliot
250 ## - EDITION STATEMENT
Edition statement 1st.
260 ## - PUBLICATION, DISTRIBUTION, ETC.
Place of publication, distribution, etc. London:
Name of publisher, distributor, etc. Faber and faber limited.,
Date of publication, distribution, etc. 1964.
300 ## - PHYSICAL DESCRIPTION
Extent 156p:
Dimensions 15cm.
653 ## - INDEX TERM--UNCONTROLLED
Uncontrolled term English poetry
942 ## - ADDED ENTRY ELEMENTS (KOHA)
Koha item type Books
Holdings
Withdrawn status Lost status Damaged status Not for loan Home library Current library Shelving location Date acquired Total checkouts Full call number Barcode Date last seen Copy number Price effective from Koha item type
        Naharkatiya College Library Naharkatiya College Library General stacks 09/19/2020   821 | ELI 5795 09/19/2020 1 09/19/2020 Books